| 000 | 00592nam a2200193Ia 4500 | ||
|---|---|---|---|
| 005 | 20260114154820.0 | ||
| 008 | 008 250103s9999 xx 000 0 eng d | ||
| 037 | _aTheses | ||
| 040 |
_aCRL _beng _cCRL |
||
| 041 |
_aeng _2eng |
||
| 084 | _qCRL | ||
| 100 |
_aAnand Sumeet Au. _9866466 |
||
| 245 | 0 | _aSemiotics in Branding and Communication: A Study of Select Industries | |
| 260 |
_aDelhi _bUniversity of Delhi. Faculty of Management Studies. Department of Management Studies _c2020 |
||
| 300 | _a195p. | ||
| 700 |
_a Verma H.V. Gu. _9866467 |
||
| 942 | _cTH | ||
| 999 |
_c1468468 _d1468468 |
||